000 00852nam0a22002651 4500
001 rc\2772030
005 20250806210711.0
035 _a(NLR Aleph) 006898394
090 _a27711
_c27711
100 _a20110915d1941 u y0rusy50 ca
101 0 _arus
102 _aRU
105 _ay z |||c|
200 1 _aХлопчатобумажная промышленность США
_e(Экон. очерк)
_fИ. Г. Иоффе
210 _aМосква
_aЛенинград
_cГизлегпром
_d1941
_eЛенинград
215 _a128 с.
_d22 см.
320 _aБиблиогр.: с. 126-7
700 1 _aИоффе
_bИ.Г.
801 0 _aRU
_bNLR
_gpsbo
801 1 _aRU
_bELAR
_2rusmarc
852 _aNLR
_jЭк40 Г-5/21
942 _cBOOK
945 _aРоссийская национальная библиотека
980 _aNB
980 _aBV